000 00286nam a22001337a 4500
008 170316b xxu||||| |||| 00| 0 eng d
020 _a9781405104630
041 _aeng
080 _22ND
_a616.8
100 _a7
101 _aSHM
245 _aNEUROLOGY
_cDRISLANE, F.W
942 _2udc
_cBK
999 _c8007
_d8007